000 00365nam a2200133Ia 4500
008 150202s9999 xx 000 0 und d
020 _a743453476
050 _aFIC
_bFIC
100 _aPobards, Karen.
245 _aWhispers at midnight /
_cKaren Pobards.
260 _aNew York :
_bPocket Star Books,
_c2003.
300 _a456 pages :
_c18 cm.
650 _aFiction.
999 _c282360
_d282360